Zbiroh /

Hlavní autor: Drhovský, Karel, 1941-
Jazyk: Čeština
Vydáno: Plzeň : Fraus, c2005
Vydání: Vyd. 1.
Edice: Památky (Fraus)
Témata:
Fyzický popis: [18] s. : il. (převážně barev.), mapy, portréty ; 22 cm
Knihy
Uloženo v:
LEADER 01458nam a2200433 a 4500
001 nkc20061647737
003 CZ PrNK
005 20060803151301.0
007 ta
008 060320s2005 xr abc g f 000 0 cze
015 |a cnb001647737 
020 |a 80-7238-555-0  |q (brož.) 
035 |a (OCoLC)85546113 
040 |a OLA001  |b cze  |d ABA001 
043 |a e-xr---  |b e-xr-pl  |2 czenas 
072 7 |a 72  |x Architektura  |2 Konspekt  |9 21 
080 |a 728.82  |2 MRF 
080 |a 908(437.317)  |2 MRF 
080 |a (036)  |2 MRF 
100 1 |a Drhovský, Karel,  |d 1941-  |7 mzk2002149736  |4 aut 
245 1 0 |a Zbiroh /  |c [text Karel Drhovský] 
250 |a Vyd. 1. 
260 |a Plzeň :  |b Fraus,  |c c2005 
300 |a [18] s. :  |b il. (převážně barev.), mapy, portréty ;  |c 22 cm 
490 1 |a Památky : unikátní encyklopedie na pokračování 
500 |a Název z obálky 
650 0 7 |a zámky  |7 ph127734  |z Česko  |2 czenas 
650 0 9 |a chateaux  |z Czechia  |2 eczenas 
655 7 |a informační publikace  |7 fd132454  |2 czenas 
655 9 |a information publications  |2 eczenas 
610 2 7 |a Zbiroh (zámek)  |7 pna2005285513  |2 czenas 
651 7 |a Zbiroh (Česko)  |7 ge131430  |x vlastivěda  |2 czenas 
651 9 |a Zbiroh (Czechia)  |x history  |2 eczenas 
830 0 |a Památky (Fraus)  |0 s 
910 2 |a BOA001  |b 2-1164.687 
990 |a BK 
995 |a 01 
991 |b 200606  |c NOV 
996 6 |b 2610282325  |c 2-1164.687  |l MZK  |r Sklad / do 1 hodiny  |n 1  |p p.v.  |w 000816883  |u 000010  |a 1  |e BOA001  |j MZK50  |s P